Statistics for Countries By Wealth Per Capita - With Exceptions

Click here to take the quiz!

General Stats

  • This quiz has been taken 19 times
  • The average score is 21 of 25

Answer Stats

$ / AdultCountry% Correct
$579,051Australia
100%
$245,238Japan
100%
$409,237Canada
95%
$472,130New Zealand
95%
$84,407Saudi Arabia
95%
$122,841United Arab Emirates
95%
$552,930United States
95%
$273,414Israel
89%
$171,348Kuwait
89%
$183,106Qatar
89%
$358,204Singapore
89%
$237,644South Korea
89%
$297,864Taiwan
89%
$99,031Bahrain
84%
$62,263Chile
84%
$76,639China
84%
$65,031Bahamas
79%
$54,639Panama
79%
$70,807Barbados
74%
$52,221Costa Rica
74%
$68,272Uruguay
68%
$149,824Cyprus
63%
$52,618Trinidad and Tobago
63%
$60,788Mauritius
53%
$57,726Seychelles
53%

Score Distribution

Percentile by Number Answered

Percent of People with Each Score

Your Score History

You have not taken this quiz